000236502 001__ 236502
000236502 005__ 20230317222752.0
000236502 0247_ $$2URN$$aurn:nbn:de:hebis:30:3-564175
000236502 037__ $$aGSI-2020-01306
000236502 041__ $$aEnglish
000236502 1001_ $$0P:(DE-Ds200)OR9831$$aZähter, Sero Jakob$$b0$$eCorresponding author$$gmale
000236502 245__ $$aDevelopment of FAIR-Relevant X-Ray Diagnostics Based on the Interaction of Lasers and Particle Beams with Matter
000236502 260__ $$c2020
000236502 300__ $$a172 p.
000236502 3367_ $$2DataCite$$aOutput Types/Dissertation
000236502 3367_ $$2ORCID$$aDISSERTATION
000236502 3367_ $$2BibTeX$$aPHDTHESIS
000236502 3367_ $$02$$2EndNote$$aThesis
000236502 3367_ $$0PUB:(DE-HGF)11$$2PUB:(DE-HGF)$$aDissertation / PhD Thesis$$bphd$$mphd$$s1613989283_23479
000236502 3367_ $$2DRIVER$$adoctoralThesis
000236502 502__ $$aDissertation, Goethe University Frankfurt, 2020$$bDissertation$$cGoethe University Frankfurt$$d2020$$o2020-09-22
000236502 536__ $$0G:(DE-HGF)POF3-6211$$a6211 - Extreme States of Matter: From Cold Ions to Hot Plasmas (POF3-621)$$cPOF3-621$$fPOF III$$x0
000236502 536__ $$0G:(DE-Ds200)HGS-HIRe$$aHGS-HIRe - HGS-HIRe for FAIR (HGS-HIRe)$$cHGS-HIRe$$x1
000236502 536__ $$0G:(DE-Ds200)SUC-GSI-FR$$aSUC-GSI-Frankfurt - Strategic university cooperation GSI-U Frankfurt/M (SUC-GSI-FR)$$cSUC-GSI-FR$$x2
000236502 693__ $$0EXP:(DE-Ds200)P176-20200803$$1EXP:(DE-Ds200)PTA-20200803$$5EXP:(DE-Ds200)P176-20200803$$aPTA$$eP176: Interaction of relativistic laser pulses with near critical plasma for optimisation of the (POF3-6211; PTA)$$x0
000236502 7001_ $$0P:(DE-Ds200)OR1046$$aRosmej, Olga$$b1$$eThesis advisor$$ugsi
000236502 7001_ $$0P:(DE-Ds200)OR0518$$aJacoby, Joachim$$b2$$eThesis advisor
000236502 909CO $$ooai:repository.gsi.de:236502$$pVDB
000236502 9101_ $$0I:(DE-Ds200)20121206GSI$$6P:(DE-Ds200)OR9831$$aGSI Helmholtzzentrum für Schwerionenforschung GmbH$$b0$$kGSI
000236502 9101_ $$0I:(DE-Ds200)20121206GSI$$6P:(DE-Ds200)OR1046$$aGSI Helmholtzzentrum für Schwerionenforschung GmbH$$b1$$kGSI
000236502 9131_ $$0G:(DE-HGF)POF3-621$$1G:(DE-HGF)POF3-620$$2G:(DE-HGF)POF3-600$$3G:(DE-HGF)POF3$$4G:(DE-HGF)POF$$9G:(DE-HGF)POF3-6211$$aDE-HGF$$bForschungsbereich Materie$$lVon Materie zu Materialien und Leben$$vIn-house research on the structure, dynamics and function of matter$$x0
000236502 9132_ $$0G:(DE-HGF)POF4-631$$1G:(DE-HGF)POF4-630$$2G:(DE-HGF)POF4-600$$3G:(DE-HGF)POF4$$4G:(DE-HGF)POF$$aDE-HGF$$bForschungsbereich Materie$$lFrom Matter to Materials and Life$$vMatter – Dynamics, Mechanisms and Control$$x0
000236502 9141_ $$y2020
000236502 920__ $$lyes
000236502 9201_ $$0I:(DE-Ds200)PPH-20051214OR027$$kPPH$$lPlasmaphysik / PHELIX$$x0
000236502 980__ $$aphd
000236502 980__ $$aVDB
000236502 980__ $$aI:(DE-Ds200)PPH-20051214OR027
000236502 980__ $$aUNRESTRICTED